000 00902cam a2200277 4500
001 10368
005 20230410121159.0
008 060907n1999 sp spa
020 _a9582403837 :
_c$12.95
020 _a9789582403836
035 _9funglode10451
041 _aspa
050 1 4 _aJZ 1318
_bG562 1999
245 0 0 _aGlobalización y derechos humanos en América Latina /
_ccynthia Hewitt de Alcántara, Alberto Minujin (Ed.).
260 _aBogotá :
_bSantillana :
_bUNICEF ;
_aGinebra :
_bUNRISD,
_cc1999.
300 _a374 p. ;
_c22 cm.
440 0 _aColección cuadernos de Debate
500 _aOn cover: Derechos@Glob.net.
650 0 _aGlobalization.
650 0 _aHuman rights.
700 1 _aHewitt de Alcántara, Cynthia.
700 1 _aMinujin Z., Alberto.
710 2 _aUnited Nations Research Institute for Social Development.
710 2 _aUNICEF.
942 _2lcc
_cbk
999 _c59561
_d59561